|
|
|
|
| LEADER |
02510nam a22003853i 4500 |
| 001 |
EBC30229645 |
| 003 |
MiAaPQ |
| 005 |
20240729202204.0 |
| 006 |
m o d | |
| 007 |
cr cnu|||||||| |
| 008 |
240729s2022 xx o ||||0 eng d |
| 020 |
|
|
|a 9789179294823
|q (electronic bk.)
|
| 020 |
|
|
|z 9789179294816
|
| 035 |
|
|
|a (MiAaPQ)EBC30229645
|
| 035 |
|
|
|a (Au-PeEL)EBL30229645
|
| 035 |
|
|
|a (OCoLC)1366125572
|
| 040 |
|
|
|a MiAaPQ
|b eng
|e rda
|e pn
|c MiAaPQ
|d MiAaPQ
|
| 100 |
1 |
|
|a Neramballi, Abhijna.
|
| 245 |
1 |
0 |
|a Product-Service System Designing for Environmental Sustainability :
|b Insights into Design Cognition of Experienced Product Developers.
|
| 250 |
|
|
|a 1st ed.
|
| 264 |
|
1 |
|a Linköping :
|b Linkopings Universitet,
|c 2022.
|
| 264 |
|
4 |
|c {copy}2022.
|
| 300 |
|
|
|a 1 online resource (163 pages)
|
| 336 |
|
|
|a text
|b txt
|2 rdacontent
|
| 337 |
|
|
|a computer
|b c
|2 rdamedia
|
| 338 |
|
|
|a online resource
|b cr
|2 rdacarrier
|
| 490 |
1 |
|
|a Linköping Studies in Science and Technology. Dissertations Series ;
|v v.2254
|
| 505 |
0 |
|
|a Intro -- ABSTRACT -- Sammanfattning -- ಸಾರಾಂಶ -- Acknowledgements -- List of appended papers -- Related work -- Glossary -- Abbreviations -- Symbols -- Table of Contents -- List of Figures -- List of Tables -- Chapter 1 - Introduction -- Chapter 2 - Theoretical background -- Chapter 3 - Conceptual framework: Cognitive architecture and mechanisms of designing -- Chapter 4 - Research Design -- Chapter 5 - Understanding product-service system designing -- Chapter 6 - Supporting product-service-system designing -- Chapter 7 - Effects of design support for product-service-system designing -- Chapter 8 - Refinement and extension of the conceptual framework -- Chapter 9 - Concluding discussion -- Chapter 10 - Conclusion and ways forward -- References.
|
| 588 |
|
|
|a Description based on publisher supplied metadata and other sources.
|
| 590 |
|
|
|a Electronic reproduction. Ann Arbor, Michigan : ProQuest Ebook Central, 2024. Available via World Wide Web. Access may be limited to ProQuest Ebook Central affiliated libraries.
|
| 655 |
|
4 |
|a Electronic books.
|
| 776 |
0 |
8 |
|i Print version:
|a Neramballi, Abhijna
|t Product-Service System Designing for Environmental Sustainability
|d Linköping : Linkopings Universitet,c2022
|z 9789179294816
|
| 797 |
2 |
|
|a ProQuest (Firm)
|
| 830 |
|
0 |
|a Linköping Studies in Science and Technology. Dissertations Series
|
| 856 |
4 |
0 |
|u https://ebookcentral.proquest.com/lib/matrademy/detail.action?docID=30229645
|z Click to View
|